Open Data Biblioteca Nacional de Portugal


República Portuguesa: Ministério da Cultura
Biblioteca Nacional de Portugal

Catálogo da BNP: acesso por Identificadores Unívocos
Registos Bibliográficos associados ao registo de autoridade

Etiqueta de registo: 00000nkm 2200025 450
001 2241972
003 http://id.bnportugal.gov.pt/bib/catbnp/2241972
100 ## $a20260107d1990 m y0pory01030103ba
101 0# $apor
102 ## $aPT
200 1# $aAtletismo, Comemorações do 61º Aniversário, dia 6 de maio de 1990$bVisual gráfico]$fBombeiros Voluntários de Elvas
210 #9 $aElvas$cBombeiros Voluntários de Elvas,$d1990$eElvas :$gLinhas de Elvas-Empresa Gráfica )
215 ## $a1 cartaz$ccolor.$d30x21 cm
316 ## $arasgo no canto superior direito$5PTBN: CT. 9232 V.
675 ## $a766(=1:469)"199"(084.5)$vBN$zpor$31975188
710 02 $aAniversário,$bAtletismo,$d61,$eElvas$f1990$31997306
712 02 $aBombeiros Voluntários de Elvas$4557$3310270
801 #0 $aPT$bBN$gRPC
966 ## $lBN$mICONOG$sCT. 9232 V.$x1
971 ## $cCaticonografia7$d20260107
995 ## $aPRR2026 $d20260107$iCaticonografia7

OpendataBNP@bnportugal.pt | Mais informação sobre acesso aos dados BNP